Mexiko smeruje do TOP 10

Nový mexický prezident chce pripraviť krajinu na blížiace sa globalizačné posuny. Mexické makročísla.

Salvato in:
Dettagli Bibliografici
Autore principale: Pressburg, Adrian Peter
Natura: Capitolo di libro
Lingua:slovacco
Soggetti:
Tags: Aggiungi Tag
Nessun Tag, puoi essere il primo ad aggiungerne!!

MARC

LEADER 00000naa a2200000 4500
001 0158040
005 20231113080242.1
041 0 |a slo 
044 |a SK 
245 1 0 |a Mexiko smeruje do TOP 10  |c Adrian Peter Pressburg 
520 |a Nový mexický prezident chce pripraviť krajinu na blížiace sa globalizačné posuny. Mexické makročísla. 
610 2 0 |a Mexiko 
610 2 0 |a situácia hospodárska 
610 2 0 |a plán hospodársky 
100 1 |a Pressburg, Adrian Peter